000 00497pab a2200169 454500
008 180718b2005 xxu||||| |||| 00| 0 eng d
100 _aKumaram, M.
245 _aFarmers' knowledge level and extent of adoption of water management practices in an irrigation command area
260 _c2005
300 _ap.267-71.
362 _aJul
650 _aWater resources management
650 _aFarmers
700 _aJayaragavan, K.V.
773 _aAgricultural Situation in India
909 _a70912
999 _c70912
_d70912